Napisz wszystkich mistrzów F1 (1950-2021) - Statystyki

Ogólne statystyki
  • Ten quiz został rozwiązany 78 razy
  • Średni wynik to 45 z 72
Statystyki odpowiedzi
Hint Odpowiedź % Poprawnych
2008 Lewis Hamilton
97%
2014 Lewis Hamilton
97%
2015 Lewis Hamilton
97%
2017 Lewis Hamilton
97%
2018 Lewis Hamilton
97%
2019 Lewis Hamilton
97%
2020 Lewis Hamilton
97%
1994 Michael Schumacher
95%
1995 Michael Schumacher
95%
2000 Michael Schumacher
95%
2001 Michael Schumacher
95%
2002 Michael Schumacher
95%
2003 Michael Schumacher
95%
2004 Michael Schumacher
95%
2010 Sebastian Vettel
94%
2011 Sebastian Vettel
94%
2012 Sebastian Vettel
94%
2013 Sebastian Vettel
94%
2021 Max Verstappen
92%
2007 Kimi Raikkonen
89%
2016 Nico Rosberg
88%
1988 Ayrton Senna
83%
1990 Ayrton Senna
83%
1991 Ayrton Senna
83%
2005 Fernando Alonso
82%
2006 Fernando Alonso
82%
1975 Niki Lauda
82%
1977 Niki Lauda
82%
1984 Niki Lauda
82%
2009 Jenson Button
80%
1985 Alain Prost
74%
1986 Alain Prost
74%
1989 Alain Prost
74%
1993 Alain Prost
74%
1998 Mika Hakkinen
62%
1999 Mika Hakkinen
62%
1982 Keke Rosberg
52%
1996 Damon Hill
51%
1951 Juan Manuel Fangio
49%
1954 Juan Manuel Fangio
49%
1955 Juan Manuel Fangio
49%
1956 Juan Manuel Fangio
49%
1957 Juan Manuel Fangio
49%
1981 Nelson Piquet
48%
1983 Nelson Piquet
48%
1987 Nelson Piquet
48%
1992 Nigel Mansell
48%
1997 Jacques Villeneuve
46%
1976 James Hunt
45%
1950 Giuseppe Farina
43%
1962 Graham Hill
43%
1968 Graham Hill
43%
1969 Jackie Stewart
42%
1971 Jackie Stewart
42%
1973 Jackie Stewart
42%
1952 Alberto Ascari
40%
1953 Alberto Ascari
40%
1972 Emerson Fittipaldi
37%
1974 Emerson Fittipaldi
37%
1963 Jim Clark
34%
1965 Jim Clark
34%
1961 Phil Hill
31%
1959 Jack Brabham
29%
1960 Jack Brabham
29%
1966 Jack Brabham
29%
1979 Jody Scheckter
26%
1958 Mike Hawthorn
26%
1980 Alan Jones
25%
1970 Jochen Rindt
25%
1978 Mario Andretti
23%
1964 John Surtees
20%
1967 Denny Hulme
15%
Nie znaleziono quizów pasujących do podanych kryteriów
Rozkład punktacji
Procent ludzi z każdym wynikiem
Percentyl według liczby udzielonych odpowiedzi
Twoja historia wyników
Nie rozwiązałeś tego quizu